00742nam a2200217Ia 4500003000900000008004100009020001800050040001600068080001600084100002200100245009100122260004600213300001500259490005400274650001800328650002600346650001900372942000700391999001500398952011100413IN-BaIIA211028s9999 xx 000 0 eng d a4-8337-0013-1 cIIA Library a621.38bKUO aKuo, B. C.913198 0aDigital control systemscB. C. Kuo  aNew YorkbHolt Rinehard and Winstonc1980 axiv, 730p. aHRW series in electrical and computer engineering aControl94975 aDigital systems99968 aNASA thesaurus cBK c7823d7823 00104070aBANbBANcGENd1984-01-10l1o621.38/ KUOp8640r2024-01-19s2023-08-18w1984-01-10yBK 13.95